000 00517nmm a2200169Ia 4500
008 251105s9999||||xx |||||||||||||||||und||
020 _a9788486547103
041 _aspa
100 _aAnglería, Pedro Mártir de
245 0 _aCartas sobre el Nuevo Mundo
264 _a[Madrid, España] :
_bEdiciones Polifemo,
_c1990
300 _a157 páginas
490 _aEspejo navegante
650 _aHistory of the Americas: Pre-Columbian America
856 _uhttps://public.digitaliapublishing.com/a/18860
942 _cCF
999 _c86948
_d86948